000 00258nam a22001097a 4500
082 _a621.3815 BAS'T
100 _aTECHNICAL STAFF
_959116
245 _aBASIC ELECTRONIC CIRCUITS PART-I
260 _aNEWYORK
_bTECHNICAL
_c1962
300 _a1.16P
942 _cBK
999 _c569166
_d569166